| 000 | 00775nam a22002057a 4500 | ||
|---|---|---|---|
| 999 |
_c4848 _d4848 |
||
| 005 | 20251125232757.0 | ||
| 008 | s2539 th tha d | ||
| 020 | _a9747120658 | ||
| 040 | _aNALT | ||
| 041 | _atha | ||
| 050 | _aDS578.32 ป412อ 2539 | ||
| 100 | 0 | _aอภิวัฒน์ วรรณกร | |
| 245 | 1 | 0 | _aจอมยุทธ์ "โค้วตุงหมง" ประสิทธิ์ กาญจนวัฒน์ |
| 260 | 3 |
_aกรุงเทพฯ : _bมติชน, _c2539 |
|
| 300 |
_a302 หน้า : _b ภาพประกอบ ; _c 21 ซม. |
||
| 650 | 0 | 4 | _aประสิทธิ์ กาญจนวัฒน์, 2458-- |
| 850 | _aNALT | ||
| 856 | 4 | 0 |
_uhttps://hdl.handle.net/20.500.14156/386126 _71 |
| 942 |
_cGB _2lcc |
||